01036nam a2200241 i 4500001000700000003000900007005001700016007000300033008004100036020001800077100002900095245012300124260008700247300002200334490002800356490007300384710004900457830003600506830007800542852003300620999001900653952012200672147500ES-MaACL20230906202035.0t|071001s1980 sp ||||1| spa d a84-00-04563-71 aUngerer, Gustav.911201013aLa defensa de Antonio Pérez contra los cargos que se le imputaron en el proceso de visita (1984) / cGustav Ungerer. aZaragoza : bDiputación Provincial. Institución Fernando el Católico,c1980. a119 p. ; c22 cm.1 aTemas aragoneses ; v291 aPublicación ... de la Institución Fernando el Católico ; v7412 aInstitución "Fernando el Católico"947210 aTemas aragoneses ; v29918711100aPublicación ... de la Institución Fernando el Católicov7419233871 aES-MaACLjL-11051 bR.112416 c147500d147500 00104070aATENEOMbATENEOMcDEPO2d2008-01-17eSCl0oL-11051p1153928r2023-02-23 00:00:00w2023-02-23yMONOGRAFIA